000 00442nam a2200181Ia 4500
005 20250423100858.0
008 250422s9999 xx 000 0 und d
020 _a9781403144201
050 _aBP 605.S2 .H83/
100 _aHubbard, Ron L.
245 0 _aScientology: the fundamentals of thought
260 _aCalifornia
260 _bBridge Publications
260 _c2007
300 _a241 p
650 _aScientology.
942 _cBK
999 _c34618
_d34618